Curso superior de psicología experimental: método y teoría

保存先:
書誌詳細
第一著者: Osgood, Charles Egerton (autor)
フォーマット: 図書
言語:スペイン語
出版事項: Ciudad de México Trillas 1969
シリーズ:Biblioteca Técnica de Psicología
主題:
タグ: タグ追加
タグなし, このレコードへの初めてのタグを付けませんか!

MARC

LEADER 00000nam a2200000 a 4500
001 UCR6453
003 CL-VaPUC
008 980423e19690000MX |||||||||||||||||spa|d
082 0 4 |a 152  |b OSG  |2 21 
100 |a Osgood, Charles Egerton  |e autor  |9 407503 
245 1 0 |a Curso superior de psicología experimental: método y teoría 
300 |a 1063 p 
942 |c BK 
945 |d 19980423 00:00:00  |a lriquelm 
260 |a Ciudad de México  |b Trillas  |c 1969 
650 7 |a PSICOLOGIA EXPERIMENTAL  |2 CL-VaPUC  |9 309015 
650 0 |a Psicología fisiológica  |9 309849 
650 7 |a PROCESOS SENSORIALES  |2 CL-VaPUC  |9 407504 
650 0 |a Aprendizaje   |9 254827 
650 7 |a TEORIAS DEL APRENDIZAJE  |2 CL-VaPUC  |9 407505 
650 7 |a PROCESOS SIMBOLICOS  |2 CL-VaPUC  |9 407506 
650 7 |a PROCESOS PERCEPTUALES  |2 CL-VaPUC  |9 407507 
583 |a last modification  |c 19980423 00:00:00  |k Rodrigo Vera 
490 0 |a Biblioteca Técnica de Psicología 
999 |c 268539  |d 268537 
952 |0 0  |1 0  |4 0  |6 152_000000000000000_OSG_1969  |7 0  |8 A  |9 301728  |a BIBENE  |b BIBENE  |d 2019-11-20  |i 3363147  |o 152 OSG 1969  |p 3363147  |r 2025-01-15  |w 2019-11-20  |y BK  |k ICO 
952 |0 0  |1 0  |4 0  |6 152_000000000000000_OSG_1969  |7 0  |8 A  |9 301729  |a FDOPOS  |b FDOPOS  |d 2019-11-20  |i 4316789  |o 152 OSG 1969  |p 4316789  |r 2025-01-22  |w 2019-11-20  |y BK  |k MLA